| 000 | 00425nam a2200193Ia 4500 | ||
|---|---|---|---|
| 008 | 210210b1911 xxu||||| |||| 00| 0 eng d | ||
| 041 | _aeng | ||
| 082 | _a821/921 | ||
| 100 | _aMOLIERE | ||
| 245 | _aDramatic Works Vol. 3 | ||
| 260 |
_aLondon _bGeorge Bell and Sons _c1911 |
||
| 440 | _aIII | ||
| 650 | _aWorks | ||
| 650 | _aVol. | ||
| 650 | _aDramatic | ||
| 650 | _a3 | ||
| 690 | _aEnglish Drama | ||
| 906 | _a012087 | ||
| 999 |
_c130838 _d130838 |
||